000
00246nam a2200097Ia 4500
001
688611
005
20250826161618.0
008
250824s9999 xx 000 0 und d
245
0
_a
BÜTÜN BİR ÖMÜR
_c
ROBERT SEETHALER
260
_b
TİMAŞ YAYINLARI
999
_c
688611
_d
688611